Fernando of Cordova : (Record n. 3358)

Dettagli MARC
000 -LEADER
fixed length control field 00829nam a2200241 i 4500
003 - CONTROL NUMBER IDENTIFIER
control field IT-RoINE
005 - DATE AND TIME OF LATEST TRANSACTION
control field 20201119133947.0
008 - FIXED-LENGTH DATA ELEMENTS--GENERAL INFORMATION
fixed length control field 960930s1992 xxu| r ||| |beng d
020 ## - INTERNATIONAL STANDARD BOOK NUMBER
International Standard Book Number 0871698629
040 ## - CATALOGING SOURCE
Original cataloging agency SpMaBN
Language of cataloging spa
Transcribing agency IT-RoINE
Description conventions rdc
100 1# - MAIN ENTRY--PERSONAL NAME
Personal name Monfasani, John,
Dates associated with a name 1943-
9 (RLIN) 6756
245 10 - TITLE STATEMENT
Title Fernando of Cordova :
Remainder of title a biographical and intellectual profile /
Statement of responsibility, etc John Monfasani.
260 ## - PUBLICATION, DISTRIBUTION, ETC. (IMPRINT)
Place of publication, distribution, etc Philadelphia :
Name of publisher, distributor, etc The American Philosophical Society,
Date of publication, distribution, etc 1992.
300 ## - PHYSICAL DESCRIPTION
Extent 116 p. ;
Dimensions 26 cm.
336 ## - CONTENT TYPE
Source rdacontent
Content type term text
337 ## - MEDIA TYPE
Source rdamedia
Media type term unmediated
338 ## - CARRIER TYPE
Source rdacarrier
Carrier type term volume
490 0# - SERIES STATEMENT
Series statement Transactions of the American Philosophical Society.
-- Parte 6 ;
Volume number/sequential designation 82
500 ## - GENERAL NOTE
General note Incluye índices
504 ## - BIBLIOGRAPHY, ETC. NOTE
Bibliography, etc Biografía: p. 101-[110]
600 14 - SUBJECT ADDED ENTRY--PERSONAL NAME
Personal name Córdoba, Fernando de,
Dates associated with a name 1422-1486
General subdivision Biografía
9 (RLIN) 6757
942 ## - ADDED ENTRY ELEMENTS (KOHA)
Item type Monografías
Dati di copia
Withdrawn status Lost status Damaged status Not for loan Home library Current library Date acquired Total Checkouts Full call number Barcode Date last seen Price effective from Koha item type
        Iglesia Nacional Española en Roma Iglesia Nacional Española en Roma 28/04/2014   BIO 1368 3817 28/04/2014 28/04/2014 Monografías